01663nam a2200241Ia 4500008004100000020001500041041001200056082001600068100002000084245006200104260003600166300000800202650000800210942000700218999001500225952017100240952016000411952017000571952017000741952017000911952017001081952017001251221030s9999 xx 000 0 und d a8121913950 aEnglish a105.23bXav aS. P. E. Xavier 0aProbability Theory & Random Processescby S. P. E. Xavier bS. Chand & Co.aNew Delhic2002 a700 aECE cBK c1537d1537 pBE 6150g225.00l0o105.23 Xavr2024-06-13 00:00:00w2022-10-30yBK003Print4070aMIETLIBbMIETLIBcBL-Academic Block A, FL-1, CUP-51, SH-1, R-1d2002-12-0910HBE pBE 4970g85.00l0o105.23 Xavr2024-06-13 00:00:00w2022-10-30yBK003Print4071aMIETLIBbMIETLIBcBL-Second, FL-1, CUP-74, SH-2, R-2d2002-05-1710HBE pBE 4974g85.00l0o105.23 Xavr2024-06-13 00:00:00w2022-10-30yBK003Print4070aMIETLIBbMIETLIBcBL-Academic Block A, FL-1, CUP-51, SH-1, R-1d2002-05-1710HBE pBE 4973g85.00l0o105.23 Xavr2024-06-13 00:00:00w2022-10-30yBK003Print4070aMIETLIBbMIETLIBcBL-Academic Block A, FL-1, CUP-51, SH-1, R-1d2002-05-1710HBE pBE 6146g85.00l0o105.23 Xavr2024-06-13 00:00:00w2022-10-30yBK003Print4070aMIETLIBbMIETLIBcBL-Academic Block A, FL-1, CUP-51, SH-1, R-1d2002-12-0910HBE pBE 6147g85.00l0o105.23 Xavr2024-06-13 00:00:00w2022-10-30yBK003Print4070aMIETLIBbMIETLIBcBL-Academic Block A, FL-1, CUP-51, SH-1, R-1d2002-12-0910HBE pBE 6149g85.00l0o105.23 Xavr2024-06-13 00:00:00w2022-10-30yBK003Print4070aMIETLIBbMIETLIBcBL-Academic Block A, FL-1, CUP-51, SH-1, R-1d2002-12-0910HBE